000
00216 a2200097 4500
001
48265
100
_a
Masbikh-ul-Haq
245
_a
Bahozoor-i Iqbal
260
_a
Lahore
_b
Mawara publishers
_c
090
_c
31219
_d
31219
942
_a
NUST-CAE
_c
M
_c
23580
999
_c
283338
_d
283338